| 000 | 01423nam0a2200361 4500 | ||
|---|---|---|---|
| 001 | RU\NLR\BIBL_A\022054759 | ||
| 005 | 20231122153419.0 | ||
| 010 |
_a978-5-4494-0165-6 _91000 |
||
| 021 |
_aRU _bКН-П-23-060457 _9КН-П-23-6121 |
||
| 035 | _a(NLR Aleph) 022054759 | ||
| 090 |
_a12608621 _c12608621 |
||
| 100 | _a20231019d2023 u y0rusy50 ca | ||
| 101 | 0 | _arus | |
| 102 | _aRU | ||
| 105 | _aach z 000zy | ||
| 181 | 0 |
_ai _baxxe |
|
| 182 | 0 | _an | |
| 200 | 1 |
_aПенитенциарная система и духовно-нравственное воспитание: от наказания к исправлению _fБаязитов И. Р. |
|
| 203 |
_aТекст _bвизуальный _cнепосредственный |
||
| 205 | _a3-е изд., дораб. | ||
| 210 |
_aКазань _cТипография Polo print _d2023 |
||
| 215 |
_a206 c. _cил., цв. ил., портр., факс. _d22 |
||
| 606 | 1 |
_aПенитенциарная система _2nlr_sh1 _2nlr_sh2 _3RU\NLR\AUTH\661267442 |
|
| 606 | 1 |
_aОсужденные _xРелигиозная жизнь _2nlr_sh2 _3RU\NLR\AUTH\6601633457 |
|
| 686 | 1 | _aХ884.414 | |
| 686 | 1 | _aХ628.414 | |
| 686 | 1 | _aЭ38-115 | |
| 686 | 1 | _aЭ211.5 | |
| 700 | 1 |
_aБаязитов _bИ. Р. _f1973- _gИлдар Рафкатович |
|
| 942 | _cBOOK | ||
| 980 | _aNB | ||